[Event "CZE-chT 2223"]
[Site "Czech Republic"]
[Date "2022.12.03"]
[Round "3.2"]
[White "Zilka, Stepan"]
[Black "Voloshin, Leonid"]
[Result "1-0"]
[WhiteElo "2594"]
[BlackElo "2393"]
[PlyCount "141"]
[EventDate "2022.10.15"]
[EventType "team-tourn"]
[EventRounds "11"]
[EventCountry "CZE"]
[SourceTitle "CBM 213 Extra"]
[Source "ChessBase"]
[SourceDate "2023.05.31"]
[SourceVersion "1"]
[SourceVersionDate "2023.05.31"]
[SourceQuality "1"]
[WhiteTeam "Novoborsky"]
[BlackTeam "Praha Dopravni Podnik"]
[WhiteTeamCountry "CZE"]
[BlackTeamCountry "CZE"]

1. e4 e5 2. Nf3 Nf6 3. Nxe5 d6 4. Nf3 Nxe4 5. Bd3 Nf6 6. 0-0 Be7 7. h3 0-0 8. c3 Bd7 9. Bc2 Qc8 10. Re1 Re8 11. d4 Bf5 12. Bxf5 Qxf5 13. Qb3 Qc8 14. c4 Nbd7 15. Nc3 c6 16. a4 Nf8 17. a5 a6 18. Bf4 Qd7 19. Bg3 Ng6 20. Rad1 Bf8 21. Na4 Rxe1+ 22. Rxe1 Re8 23. Rxe8 Nxe8 24. Qd3 Ne7 25. Nb6 Qf5 26. Qxf5 Nxf5 27. Bf4 f6 28. d5 c5 29. g4 Ne7 30. Nd2 Ng6 31. Bg3 Ne5 32. f4 Nd3 33. b3 Be7 34. Kf1 Bd8 35. Ke2 Nc1+ 36. Kd1 Nd3 37. Ne4 Bxb6 38. axb6 Kf7 39. Kd2 Nb4 40. f5 Ke7 41. h4 h6 42. h5 a5 43. Kc3 Na6 44. Kb2 Nb4 45. Nf2 Kd7 46. Bf4 Ke7 47. Bd2 Kf7 48. Bc3 Na6 49. Ka3 Nb8 50. Ka4 Nd7 51. Kxa5 Ne5 52. Kb5 Ke7 53. b4 cxb4 54. Kxb4 Kd7 55. Bd4 Ke7 56. Kc3 Kd7 57. Be3 Ke7 58. Kb4 Kd7 59. Kb5 Ke7 60. Bc1 Kd7 61. Ba3 Ke7 62. Ne4 Nxg4 63. c5 dxc5 64. Kxc5 Ne5 65. d6+ Kf7 66. Kd5 Nd7 67. Bc5 Nb8 68. Nd2 Nd7 69. Nc4 Ne5 70. Na5 Nxd6 71. Kxd6 1-0

[Event "CZE-chT 2122"]
[Site "Czech Republic"]
[Date "2022.04.09"]
[Round "14.5"]
[White "Voloshin, Leonid"]
[Black "Blahynka, Martin"]
[Result "1/2-1/2"]
[WhiteElo "2379"]
[BlackElo "2399"]
[PlyCount "43"]
[EventDate "2021.10.15"]
[EventType "team-tourn"]
[EventRounds "15"]
[EventCountry "CZE"]
[SourceTitle "EXT 2023"]
[Source "ChessBase"]
[SourceDate "2022.10.05"]
[SourceVersion "1"]
[SourceVersionDate "2022.10.05"]
[SourceQuality "1"]
[WhiteTeam "Praha Dopravni Podnik"]
[BlackTeam "Brno Duras"]
[WhiteTeamCountry "CZE"]
[BlackTeamCountry "CZE"]

1. d4 Nf6 2. Nf3 d5 3. c4 e6 4. Nc3 Bb4 5. cxd5 exd5 6. Qc2 0-0 7. Bg5 h6 8. Bxf6 Qxf6 9. a3 Bf5 10. Qd2 Bxc3 11. Qxc3 c6 12. e3 Nd7 13. Be2 a5 14. 0-0 a4 15. Rfc1 Bg4 16. Qb4 Ra7 17. Ne5 Bf5 18. Nxd7 Bxd7 19. Qb6 Rfa8 20. Bf1 Qd8 21. Qxd8+ Rxd8 22. Bd3 1/2-1/2

[Event "CZE-chT 2122"]
[Site "Czech Republic"]
[Date "2022.02.13"]
[Round "10.6"]
[White "Ftacnik, Lubomir"]
[Black "Voloshin, Leonid"]
[Result "1/2-1/2"]
[WhiteElo "2507"]
[BlackElo "2379"]
[PlyCount "139"]
[EventDate "2021.10.15"]
[EventType "team-tourn"]
[EventRounds "15"]
[EventCountry "CZE"]
[SourceTitle "EXT 2023"]
[Source "ChessBase"]
[SourceDate "2022.10.05"]
[SourceVersion "1"]
[SourceVersionDate "2022.10.05"]
[SourceQuality "1"]
[WhiteTeam "Turnov Zikuda"]
[BlackTeam "Praha Dopravni Podnik"]
[WhiteTeamCountry "CZE"]
[BlackTeamCountry "CZE"]

1. Nf3 d5 2. d4 Nf6 3. c4 c6 4. Nc3 e6 5. Bg5 Nbd7 6. e3 Qa5 7. Nd2 dxc4 8. Bxf6 Nxf6 9. Nxc4 Qc7 10. Rc1 Be7 11. g3 Bd7 12. Bg2 c5 13. Ne5 cxd4 14. exd4 Qb6 15. 0-0 Rd8 16. Nc4 Qa6 17. Qb3 Bc6 18. Bxc6+ bxc6 19. Ne5 0-0 20. Rfd1 c5 21. Qb5 Qxb5 22. Nxb5 a6 23. Na7 Rxd4 24. Nac6 Rxd1+ 25. Rxd1 Re8 26. Nxe7+ Rxe7 27. Rd6 Kf8 28. Rxa6 Rb7 29. b3 Nd7 30. Nc6 g5 31. Kf1 Kg7 32. Ke2 Nb8 33. Nxb8 Rxb8 34. Rc6 Ra8 35. a4 Rb8 36. Rxc5 Rxb3 37. Rxg5+ Kf6 38. Rb5 Ra3 39. a5 Ke7 40. Rh5 h6 41. g4 Kd6 42. Rxh6 Rxa5 43. h4 Ra8 44. Kf3 Ke7 45. g5 Ra3+ 46. Kg2 Kf8 47. Rf6 Kg7 48. Rf3 Ra1 49. Rf6 Ra3 50. f3 Ra5 51. Kg3 Rb5 52. Rf4 Rb1 53. Rf6 Rb5 54. Rf4 Rb1 55. Ra4 Kg6 56. Ra8 Rg1+ 57. Kh2 Rb1 58. Rh8 Kg7 59. Rh6 Rb5 60. Kg3 Ra5 61. Rf6 Rb5 62. f4 Rb3+ 63. Kg4 Rb4 64. h5 e5 65. h6+ Kg8 66. Rf5 exf4 67. Rxf4 Rb1 68. Re4 Rg1+ 69. Kf5 Rf1+ 70. Rf4 1/2-1/2

[Event "CZE-chT 1920"]
[Site "Czech Republic"]
[Date "2019.11.30"]
[Round "3.6"]
[White "Voloshin, Leonid"]
[Black "Jirovsky, Milos"]
[Result "1/2-1/2"]
[WhiteElo "2361"]
[BlackElo "2452"]
[PlyCount "33"]
[EventDate "2019.10.12"]
[EventType "team-tourn"]
[EventRounds "11"]
[EventCountry "CZE"]
[SourceTitle "CBM 193 Extra"]
[Source "ChessBase"]
[SourceDate "2020.01.31"]
[SourceVersion "1"]
[SourceVersionDate "2020.01.31"]
[SourceQuality "1"]
[WhiteTeam "Praha Dopravni Podnik"]
[BlackTeam "Pardubice"]
[WhiteTeamCountry "CZE"]
[BlackTeamCountry "CZE"]

1. d4 d5 2. c4 c6 3. cxd5 cxd5 4. Nc3 Nf6 5. Bf4 a6 6. e3 Nc6 7. Nf3 Bg4 8. Be2 e6 9. 0-0 Be7 10. h3 Bxf3 11. Bxf3 0-0 12. Be2 b5 13. Bd3 Qb6 14. Qe2 Rfc8 15. Rfc1 Qd8 16. Bh2 Bd6 17. Bxd6 1/2-1/2

[Event "CZE-chT 1920"]
[Site "Czech Republic"]
[Date "2019.10.13"]
[Round "2.1"]
[White "Chytilek, Roman"]
[Black "Voloshin, Leonid"]
[Result "1/2-1/2"]
[WhiteElo "2330"]
[BlackElo "2361"]
[PlyCount "37"]
[EventDate "2019.10.12"]
[EventType "team-tourn"]
[EventRounds "11"]
[EventCountry "CZE"]
[SourceTitle "EXT 2020"]
[Source "ChessBase"]
[SourceDate "2019.10.17"]
[SourceVersion "1"]
[SourceVersionDate "2019.10.17"]
[SourceQuality "1"]
[WhiteTeam "Brno Duras"]
[BlackTeam "Praha Dopravni Podnik"]
[WhiteTeamCountry "CZE"]
[BlackTeamCountry "CZE"]

1. d4 Nf6 2. Nf3 e6 3. g3 b5 4. Bg2 Bb7 5. c3 c5 6. 0-0 Be7 7. dxc5 Bxc5 8. b4 Be7 9. a4 bxa4 10. Qxa4 a5 11. b5 d5 12. Nd4 0-0 13. Ba3 Nbd7 14. Nd2 Nb6 15. Qb3 a4 16. Qb2 Bxa3 17. Qxa3 Qc7 18. Rfc1 Rfc8 19. e3 1/2-1/2

[Event "CZE-chT1W 1819"]
[Site "Czech Republic"]
[Date "2019.02.17"]
[Round "8.2"]
[White "Voloshin, Leonid"]
[Black "Nagy, Gabor"]
[Result "1/2-1/2"]
[WhiteElo "2383"]
[BlackElo "2462"]
[PlyCount "23"]
[EventDate "2018.10.21"]
[EventType "team-tourn"]
[EventRounds "11"]
[EventCountry "CZE"]
[SourceTitle "CBM 189 Extra"]
[Source "ChessBase"]
[SourceDate "2019.06.03"]
[SourceVersion "1"]
[SourceVersionDate "2019.06.03"]
[SourceQuality "1"]
[WhiteTeam "Praha DP Tarok"]
[BlackTeam "Kozolupy"]
[WhiteTeamCountry "CZE"]
[BlackTeamCountry "CZE"]

1. d4 Nf6 2. Nf3 c5 3. e3 g6 4. c4 Bg7 5. Nc3 0-0 6. Be2 cxd4 7. Nxd4 Nc6 8. 0-0 b6 9. Bf3 Bb7 10. b3 Qb8 11. Nxc6 dxc6 12. Bb2 1/2-1/2

[Event "CZE-chT2C 1819"]
[Site "Czech Republic"]
[Date "2018.11.04"]
[Round "2.1"]
[White "Orsag, Milan"]
[Black "Voloshin, Leonid"]
[Result "1/2-1/2"]
[WhiteElo "2312"]
[BlackElo "2383"]
[PlyCount "26"]
[EventDate "2018.10.14"]
[EventType "team-tourn"]
[EventRounds "11"]
[EventCountry "CZE"]
[SourceTitle "EXT 2022"]
[Source "ChessBase"]
[SourceDate "2021.10.06"]
[SourceVersion "1"]
[SourceVersionDate "2021.10.06"]
[SourceQuality "1"]
[WhiteTeam "Neratovice II"]
[BlackTeam "Bakov nad Jizerou"]
[WhiteTeamCountry "CZE"]
[BlackTeamCountry "CZE"]

1. d4 Nf6 2. Nf3 e6 3. c4 b6 4. Nc3 Bb7 5. Bg5 Bb4 6. Nd2 h6 7. Bh4 Be7 8. e3 0-0 9. Be2 c5 10. Bf3 Bxf3 11. Nxf3 d6 12. 0-0 Nbd7 13. Rc1 a6 1/2-1/2

[Event "Kiel op 31st"]
[Site "Kiel"]
[Date "2018.07.30"]
[Round "5"]
[White "Voloshin, Leonid"]
[Black "Easwaralingam, Adesh"]
[Result "1-0"]
[WhiteElo "2383"]
[BlackElo "2168"]
[PlyCount "115"]
[EventDate "2018.07.28"]
[EventType "swiss"]
[EventRounds "9"]
[EventCountry "GER"]
[SourceTitle "CBM 185 Extra"]
[Source "ChessBase"]
[SourceDate "2018.07.29"]
[SourceVersion "1"]
[SourceVersionDate "2018.07.29"]
[SourceQuality "1"]

1. d4 Nf6 2. Nc3 d5 3. Bg5 Nbd7 4. Nf3 h6 5. Bf4 a6 6. e3 e6 7. Be2 c5 8. 0-0 Be7 9. Ne5 0-0 10. h3 Nxe5 11. Bxe5 Nd7 12. Bh2 Qb6 13. Na4 Qc6 14. Nxc5 Nxc5 15. dxc5 Qxc5 16. Bd3 Bf6 17. Rb1 a5 18. Qe2 e5 19. e4 d4 20. f4 Bd7 21. f5 Rac8 22. Kh1 b5 23. g4 Bh4 24. Kg2 Rb8 25. Bg3 Qe7 26. Qf2 Bg5 27. h4 Be3 28. Qe2 Rb6 29. Rh1 f6 30. Bf2 Bxf2 31. Kxf2 Kf7 32. Rhg1 Ke8 33. Rg2 Qf7 34. Ra1 g5 35. hxg5 fxg5 36. Rh2 Qe7 37. Qd2 a4 38. Qa5 Qd6 39. Rd1 Rf6 40. Qd2 a3 41. Rb1 axb2 42. Rxb2 Qa3 43. Qb4 Qxb4 44. Rxb4 Ke7 45. Rh1 Kd6 46. a4 Kc5 47. Rhb1 Rf8 48. Bxb5 Rfb8 49. R4b3 Be8 50. Bxe8 Rxb3 51. Rxb3 Rxe8 52. Ke2 Ra8 53. Rb5+ Kc4 54. Rxe5 Rxa4 55. Re7 Kc5 56. f6 Ra8 57. e5 Rf8 58. f7 1-0

[Event "Kiel op 31st"]
[Site "Kiel"]
[Date "2018.07.28"]
[Round "2"]
[White "Wunder, Niklas"]
[Black "Voloshin, Leonid"]
[Result "0-1"]
[WhiteElo "2099"]
[BlackElo "2383"]
[PlyCount "68"]
[EventDate "2018.07.28"]
[EventType "swiss"]
[EventRounds "9"]
[EventCountry "GER"]
[SourceTitle "CBM 185 Extra"]
[Source "ChessBase"]
[SourceDate "2018.07.29"]
[SourceVersion "1"]
[SourceVersionDate "2018.07.29"]
[SourceQuality "1"]

1. Nf3 Nf6 2. e3 c5 3. d4 cxd4 4. exd4 d5 5. Bd3 g6 6. 0-0 Bg7 7. Nbd2 Nc6 8. c3 0-0 9. Qe2 Bf5 10. Bxf5 gxf5 11. Ne5 Rc8 12. Ndf3 Ne4 13. Bf4 f6 14. Nxc6 bxc6 15. Nh4 e5 16. f3 Nd6 17. Be3 f4 18. Bf2 Qd7 19. dxe5 fxe5 20. Rad1 Rf7 21. g3 Re8 22. Rfe1 fxg3 23. hxg3 Bf6 24. Ng2 Qh3 25. Ne3 h5 26. Qf1 Qe6 27. Qg2 Bg7 28. Nf1 Qg6 29. Re2 e4 30. f4 Bh6 31. Kh2 Kh7 32. Ne3 h4 33. Rg1 hxg3+ 34. Bxg3 Qh5+ 0-1

[Event "Police Gniota Memorial 33rd"]
[Site "Police"]
[Date "2018.07.17"]
[Round "7"]
[White "Hnydiuk, Aleksander"]
[Black "Voloshin, Leonid"]
[Result "1/2-1/2"]
[WhiteElo "2400"]
[BlackElo "2383"]
[PlyCount "51"]
[EventDate "2018.07.11"]
[EventType "swiss"]
[EventRounds "9"]
[EventCountry "POL"]
[SourceTitle "CBM 185 Extra"]
[Source "ChessBase"]
[SourceDate "2018.07.29"]
[SourceVersion "1"]
[SourceVersionDate "2018.07.29"]
[SourceQuality "1"]

1. Nf3 Nf6 2. c4 e6 3. g3 b6 4. Bg2 Bb7 5. 0-0 Be7 6. Nc3 0-0 7. Re1 Ne4 8. Nxe4 Bxe4 9. d3 Bb7 10. e4 c5 11. d4 cxd4 12. Nxd4 Nc6 13. Nb5 d6 14. Bf4 Ne5 15. Qd4 Qb8 16. Red1 Rd8 17. Rac1 Bc6 18. Qc3 Ng6 19. Be3 Qb7 20. Qc2 Rac8 21. Nd4 Bd7 22. Nf5 Bc6 23. Nd4 Bd7 24. Qe2 Qb8 25. f4 Nf8 26. b3 1/2-1/2

[Event "Police Gniota Memorial 33rd"]
[Site "Police"]
[Date "2018.07.13"]
[Round "3"]
[White "Cyborowski, Lukasz"]
[Black "Voloshin, Leonid"]
[Result "1-0"]
[WhiteElo "2522"]
[BlackElo "2383"]
[PlyCount "131"]
[EventDate "2018.07.11"]
[EventType "swiss"]
[EventRounds "9"]
[EventCountry "POL"]
[SourceTitle "CBM 185 Extra"]
[Source "ChessBase"]
[SourceDate "2018.07.29"]
[SourceVersion "1"]
[SourceVersionDate "2018.07.29"]
[SourceQuality "1"]

1. e4 e5 2. Nf3 Nf6 3. Nxe5 d6 4. Nf3 Nxe4 5. Nc3 Nxc3 6. dxc3 Be7 7. Be3 Nc6 8. Qd2 a6 9. 0-0-0 Bg4 10. h3 Be6 11. h4 h6 12. Kb1 Qd7 13. Bd3 Ne5 14. Nxe5 dxe5 15. Qe2 0-0-0 16. Bc1 Bd6 17. c4 Qe7 18. f3 Kb8 19. h5 f6 20. Rhe1 Rhe8 21. g4 Qf8 22. Bg6 Bf7 23. Qe4 Bxg6 24. hxg6 Bc5 25. c3 Bf2 26. Rh1 c6 27. a3 Bb6 28. Rhe1 Bf2 29. Rf1 Bb6 30. f4 Bc7 31. f5 Bb6 32. Kc2 Kc8 33. b4 Qg8 34. a4 Qf8 35. a5 Ba7 36. Kb2 Qe7 37. Rh1 Qc7 38. Kc2 Rh8 39. c5 Rhe8 40. Qc4 Rxd1 41. Rxd1 Bb8 42. Rd6 Ba7 43. Bd2 Bb8 44. Be3 Ba7 45. Re6 Rd8 46. Rd6 Re8 47. Kd3 Bb8 48. Ke4 Ba7 49. Kf3 Bb8 50. Ke2 Ba7 51. Kd1 Bb8 52. Kc1 Ba7 53. Kc2 Bb8 54. Kb3 Ba7 55. Bxh6 gxh6 56. Rxf6 Bb8 57. Re6 Rf8 58. Rd6 Qe7 59. f6 Rxf6 60. Rxf6 Qxf6 61. Qf7 Qd8 62. Qe6+ Kc7 63. Qd6+ Qxd6 64. cxd6+ Kd7 65. g7 Bxd6 66. g8Q 1-0

[Event "Police Gniota Memorial 33rd"]
[Site "Police"]
[Date "2018.07.11"]
[Round "1"]
[White "Widla, Piotr"]
[Black "Voloshin, Leonid"]
[Result "1/2-1/2"]
[WhiteElo "2100"]
[BlackElo "2383"]
[PlyCount "63"]
[EventDate "2018.07.11"]
[EventType "swiss"]
[EventRounds "9"]
[EventCountry "POL"]
[SourceTitle "CBM 185 Extra"]
[Source "ChessBase"]
[SourceDate "2018.07.29"]
[SourceVersion "1"]
[SourceVersionDate "2018.07.29"]
[SourceQuality "1"]

1. e4 d6 2. d4 Nf6 3. Nc3 e5 4. Nf3 Nbd7 5. dxe5 dxe5 6. Bc4 Bb4 7. 0-0 0-0 8. Qe2 c6 9. Bg5 Be7 10. a4 a5 11. h3 Qc7 12. Bh4 Nc5 13. Bg3 Nfd7 14. Nh4 Bxh4 15. Bxh4 Nb6 16. Rfd1 Be6 17. Bxe6 Nxe6 18. b3 Nd4 19. Qg4 f6 20. Rd2 Qf7 21. f4 Nd7 22. Bf2 c5 23. Bxd4 exd4 24. Nb5 f5 25. exf5 Qxf5 26. Qxf5 Rxf5 27. g3 g5 28. fxg5 Rxg5 29. Kg2 Re8 30. Rf1 Re3 31. Rf3 Rge5 32. Nd6 1/2-1/2